| 000 | 00557nam a2200229 a 4500 | ||
|---|---|---|---|
| 999 |
_c11797 _d11797 |
||
| 001 | 11797 | ||
| 003 | BD-JhCC | ||
| 005 | 20201015140234.0 | ||
| 008 | 201015b2016 ii a|||| |||| 001 0 eng d | ||
| 020 | _a9789384625986 | ||
| 035 | _a(BD-JhCC)11797 | ||
| 040 |
_aBD-JhCC _dBD-JhCC |
||
| 041 | _aeng | ||
| 082 |
_a500.3 _bSCI 2016 |
||
| 245 | _aScience Encyclopedia / | ||
| 260 |
_aIndia : _bOM Kidz, _c2016 |
||
| 300 |
_a254 p.: _billus. ; |
||
| 504 | _aIncludes index. | ||
| 650 | _aScience -- Encyclopedias | ||
| 650 | _asciences | ||
| 942 |
_2ddc _cBK |
||